<?xml version="1.0" encoding="UTF-8"?><?xml-stylesheet type="text/xsl" href="static/style.xsl"?><OAI-PMH xmlns="http://www.openarchives.org/OAI/2.0/" xmlns:xsi="http://www.w3.org/2001/XMLSchema-instance" xsi:schemaLocation="http://www.openarchives.org/OAI/2.0/ http://www.openarchives.org/OAI/2.0/OAI-PMH.xsd"><responseDate>2026-06-05T13:21:02Z</responseDate><request verb="GetRecord" identifier="oai:riuma.uma.es:10630/17810" metadataPrefix="marc">https://riuma.uma.es/rest/oai/request</request><GetRecord><record><header><identifier>oai:riuma.uma.es:10630/17810</identifier><datestamp>2026-02-03T11:47:10Z</datestamp><setSpec>com_10630_2254</setSpec><setSpec>col_10630_37959</setSpec></header><metadata><record xmlns="http://www.loc.gov/MARC21/slim" xmlns:dcterms="http://purl.org/dc/terms/" xmlns:doc="http://www.lyncode.com/xoai" xmlns:xsi="http://www.w3.org/2001/XMLSchema-instance" xsi:schemaLocation="http://www.loc.gov/MARC21/slim http://www.loc.gov/standards/marcxml/schema/MARC21slim.xsd">
   <leader>00925njm 22002777a 4500</leader>
   <datafield ind2=" " ind1=" " tag="042">
      <subfield code="a">dc</subfield>
   </datafield>
   <datafield ind2=" " ind1=" " tag="720">
      <subfield code="a">Blanco-Reina, Encarnación</subfield>
      <subfield code="e">author</subfield>
   </datafield>
   <datafield ind2=" " ind1=" " tag="720">
      <subfield code="a">Bellido-Estévez, Inmaculada</subfield>
      <subfield code="e">author</subfield>
   </datafield>
   <datafield ind2=" " ind1=" " tag="720">
      <subfield code="a">Aguilar-Cano, Lorena</subfield>
      <subfield code="e">author</subfield>
   </datafield>
   <datafield ind2=" " ind1=" " tag="720">
      <subfield code="a">Valdellós, Jenifer</subfield>
      <subfield code="e">author</subfield>
   </datafield>
   <datafield ind2=" " ind1=" " tag="720">
      <subfield code="a">Del Pino-Castaño, Rafael F</subfield>
      <subfield code="e">author</subfield>
   </datafield>
   <datafield ind2=" " ind1=" " tag="720">
      <subfield code="a">García-Merino, Rosa</subfield>
      <subfield code="e">author</subfield>
   </datafield>
   <datafield ind2=" " ind1=" " tag="260">
      <subfield code="c">2019-06-13</subfield>
   </datafield>
   <datafield ind2=" " ind1=" " tag="520">
      <subfield code="a">Estudio de Prevalencia realizado en población comunitaria de edad igual o superior a 65 años perteneciente a 12 centros de salud urbanos. El tamaño muestral estimado fue de 582 pacientes. Las variables recogidas fueron: sociodemográficas, clínicas, comorbilidad (Indice de Charlson), valoración funcional (Indice de Katz y Lawton-Brody), función cognitiva (Pfeiffer o SPMSQ), estado afectivo (Escala de depresión geriátrica de Yesavage), calidad de vida relacionada con la salud (SF-12) y datos referentes al tratamiento. Fuentes de datos: historia clínica, entrevista personal y medicación aportada por los pacientes. La adecuación se valoró midiendo la tasa de polifarmacia (5 o mas medicamentos habituales), gran polifarmacia (10 o mas), medicación potencialmente inapropiada (según STOPP-START 2015 y Criterios de Beers 2015) y carga anticolinérgica (escalas ACB, ARS, DBI DURAN y ABC). Estadística: análisis descriptivo y analítico (regresión logística para las variables principales de interés). Aspectos ético-legales: estudio clasificado por la Agencia Española del Medicamento como EPA-SP (estudio posautorización), con dictamen favorable del CEI Provincial y consentimiento informado de todos los participantes.&#xd;
Se han analizado un total de 3626 prescripciones. El promedio de fármacos por paciente es de 6.8 (±4; 0–23), polifarmacia del 68.6%, y gran polifarmacia del 24.7%. Los grupos más prescritos fueron cardiovascular (80%), digestivo (71.6%) y nervioso (66.5%). Los factores determinantes de polifarmacia fueron la comorbilidad (OR=1.66), ser mujer (OR=2), padecer hipertensión (OR=3.93), diabetes mellitus (OR=1.93), dislipemia (=R=2.3), enfermedad respiratoria (OR=2.4), enfermedad osteoarticular (OR=1.72) y alteraciones psicológicas (OR=2.12). &#xd;
Conclusión: La prevalencia de polifarmacia es elevada, y muestra un incremento sobre estudios previos en Atención Primaria. Sería necesario ir desarrollando modelos de deprescripción racionales y prudentes.</subfield>
   </datafield>
   <datafield ind1="8" ind2=" " tag="024">
      <subfield code="a">https://hdl.handle.net/10630/17810</subfield>
   </datafield>
   <datafield tag="653" ind2=" " ind1=" ">
      <subfield code="a">Polimedicación</subfield>
   </datafield>
   <datafield tag="653" ind2=" " ind1=" ">
      <subfield code="a">Pacientes</subfield>
   </datafield>
   <datafield tag="653" ind2=" " ind1=" ">
      <subfield code="a">Prescipción de medicamentos</subfield>
   </datafield>
   <datafield ind2="0" ind1="0" tag="245">
      <subfield code="a">Valoracion de la adecuación de medicación en población mayor de 65 años</subfield>
   </datafield>
</record>
</metadata></record></GetRecord></OAI-PMH>